| 000 | 00563nam a2200217Ia 4500 | ||
|---|---|---|---|
| 005 | 20230220122905.0 | ||
| 008 | 131103s9999 xx 000 0 und d | ||
| 020 | _a701116692 | ||
| 040 | _aLoreto College | ||
| 041 | _aEnglish | ||
| 082 |
_a821 _bBAT |
||
| 100 | _aBate, W. Jackson | ||
| 245 | 4 |
_aThe Burden of the past and the English poet _cW. Jackson Bate |
|
| 260 |
_aLondon _bChatto _c1971 |
||
| 300 | _axi,141 p. | ||
| 504 | _aIncludes index | ||
| 650 | _aEnglish Literature | ||
| 651 | _aCritical Study - Poetry | ||
| 850 | _aLCLIB | ||
| 942 | _cBK | ||
| 999 |
_c7805 _d58284 |
||